Statistics for Pokémon with unique type combinations

Click here to take the quiz!

General Stats

  • This quiz has been taken 18 times
  • The average score is 56 of 82

Answer Stats

Type 1Type 2EvoPokémonGenRegional formSpecial formMega Evolution% Correct
IceSteel*Sandshrew Alola1Yes
92%
PoisonFlying**Crobat2
85%
ElectricPsychicRaichu Alola1Yes
85%
IceFireDarmanitan Galar5YesZen Mode
77%
WaterSteelEmpoleon4
77%
GhostPoison+Gastly1
77%
GhostPoison+Gengar1
77%
RockElectric#Geodude Alola1Yes
77%
PoisonFlying**Golbat1
77%
RockElectric#Golem Alola1Yes
77%
RockElectric#Graveler Alola1Yes
77%
GhostPoison+Haunter1
77%
DragonFight?Kommo-o7
77%
WaterGrass--Lombre3
77%
WaterGrass--Lotad3
77%
WaterGrass--Ludicolo3
77%
IceGround-Mamoswine4
77%
DragonFairyMega Altaria3Yes
77%
IceFairyNinetales Alola1Yes
77%
IceGround-Piloswine2
77%
ElectricGhostRotom4
77%
ElectricFireRotom4Heat Mode
77%
BugGhostShedinja3
77%
DarkIce++Sneasel2
77%
IceGround-Swinub2
77%
GrassGroundTorterra4
77%
DarkIce++Weavile4
77%
PoisonFlying**Zubat1
77%
IceGrassxAbomasnow4
69%
NormalWaterBibarel4
69%
NormalDragonDrampa7
69%
IceGhostFroslass4
69%
IceBug^Frosmoth8
69%
DarkFairyyyGrimmsnarl8
69%
DragonFight?Hakamo-o7
69%
FireSteelHeatran4
69%
ElectricNormal:Heliolisk6
69%
ElectricNormal:Helioptile6
69%
DarkFairyyyImpidimp8
69%
FireNormal=Litleo6
69%
FightGhostMarshadow7
69%
FireNormal=Pyroar6
69%
IceBug^Snom8
69%
IceGrassxSnover4
69%
GroundElectricStunfisk5
69%
ElectricPoisonyToxel8
69%
ElectricPoisonyToxtricity8
69%
RockDragon::Tyrunt6
69%
FireWaterVolcanion6
69%
SteelGhost==Aegislash6
62%
GroundPsychic/Baltoy3
62%
DarkSteel§§Bisharp5
62%
PsychicPsychic/Claydol3
62%
RockGrass//Cradily3
62%
BugFairy!Cutiefly7
62%
SteelGhost==Doublade6
62%
SteelGhost==Honedge6
62%
GroundDarkxxKrokorok5
62%
GroundDarkxxKrookodile5
62%
DragonIceKyurem5
62%
RockGrass//Lileep3
62%
GhostFairyMimikyu7
62%
DarkFairyyyMorgrem8
62%
ElectricDarkMorpeko8
62%
RockPoisonNihilego7
62%
DarkSteel§§Pawniard5
62%
PoisonFire!!Salandit7
62%
PoisonFire!!Salazzle7
62%
GroundDarkxxSandile5
62%
PoisonPsychic##Slowking Galar2Yes
62%
RockDarkTyranitar2
62%
RockDragon::Tyrantrum6
62%
PoisonFairyWeezing Galar1Yes
62%
NormalGhost§Zoroark Hisui5Yes
62%
NormalGhost§Zorua Hisui5Yes
62%
FightIceCrabominable7
54%
BugPsychic??Dottler8
54%
PoisonPsychic##Slowbro Galar1Yes
54%
RockFightTerrakion5
54%
BugPsychic??Orbeetle8
46%
IceSteel*Sandlash Alola1Yes
46%
BugFairy!Rimbombee7
23%

Score Distribution

Percentile by Number Answered

Percent of People with Each Score

Your Score History

You have not taken this quiz